Parc Naturels Français - PNR - Click Quiz - Statistiques

Statistiques générales
  • Ce quiz a été pris 159 fois
  • Le résultat moyen est 37 sur 77
Réponses sur la Carte
Les réponses sont colorées sur une échelle allant du rouge au vert en fonction du pourcentage des utilisateurs qui les ont devinées à leur premier essai. Vous pouvez retrouver ces pourcentages ci-dessous.
 
Statistiques - réponses
Réponse % Correct
Ardennes
68%
Pyrénées
66%
Bassin d'Arcachon
64%
Haut-Jura
64%
Corse
63%
Pyrénées catalanes
63%
Pyrénées Ariégeoises
62%
Boucles de la Seine Normande
60%
Cap-Corse et Agriate
60%
Guyane
60%
Montagne de Reims
60%
Réunion
60%
Camargue
59%
Guadeloupe
59%
Lorraine
59%
Marais poitevin
59%
Millevaches en Limousin
58%
Oise - Pays de France
58%
Volcans d'auvergne
58%
Vosges du Nord
58%
Baie de Somme Picardie Maritime
56%
Doubs-Horloger
56%
Golfe du Morbihan
56%
Landes de Gascogne
56%
Ballons des Vosges
55%
Calanques
55%
Marais du Cotentin et du Bessin
55%
Mercantour
55%
Cévennes
53%
Martinique
53%
Narbonnaise en Méditerranée
53%
Périgord-Limousin
53%
Estuaire de la Gironde / Mer des Pertuis
51%
Golfe du Lion
51%
Mont d'Ardèche
51%
Ecrins
49%
Loire-Anjou-Touraine
49%
Estuaire Picard mer d'Opale
48%
Préalpes d'Azur
48%
Armaurique
47%
Haut-Languedoc
47%
Normandie-Maine
47%
Port-Cros
47%
Vanoise
47%
Médoc
45%
Parc nationale Guyane
45%
Caps et Marais d'Opale
44%
Chartreuse
44%
Parc Maritime : Mayotte
44%
Queyras
44%
Haute Vallée de Chevreuse
42%
Mont-Ventoux
42%
Vexin français
42%
Morvan
40%
Aubrac
38%
Luberon
38%
Gâtinais français
37%
Grand Causses
37%
Livradois-Forez
37%
Corbières-Fenouillèdes
36%
Iroise
36%
Massif de Bauges
36%
Perche
36%
Scarpe-Escaut
36%
Vercors
36%
Causse du Quercy
34%
Verdon
34%
Baronnies Provençales
33%
Forêt d'Orient
33%
Parc des forêts
33%
Avesnois
32%
Brenne
32%
Brière
30%
Sainte-Baume
30%
Alpilles
29%
Pilat
29%
Parc maritime : Martinique
25%
Aucun quiz correspondant
Distribution des résultats
% des personnes avec chaque résultat
Percentile par nombre de réponses
Votre historique - résultats
Vous n’avez pas pris ce quiz